|
|
|
|
| LEADER |
00692nam a22002292a 4500 |
| 001 |
001081228 |
| 003 |
CZ BrMZK |
| 005 |
20100603102149.0 |
| 007 |
ta |
| 008 |
100104s1942 it af er|||||||||||ita d |
| 040 |
|
|
|a BOA001
|b cze
|
| 100 |
1 |
|
|a Papini, Giovanni,
|d 1881-1956
|7 jn20000604346
|4 aut
|
| 245 |
1 |
0 |
|a Storia di Cristo /
|c Giovanni Papini
|
| 250 |
|
|
|a 12. ed. illustr.
|
| 260 |
|
|
|a Firenze :
|b Vallecchi,
|c 1942
|
| 300 |
|
|
|a 34, 648 s., obr. příl. :
|b il.
|
| 490 |
1 |
|
|a Opere ;
|v vol. 19, 20
|
| 830 |
|
0 |
|a Opere (Vallecchi)
|
| 910 |
|
|
|a BOA001
|b 1-0326.496
|
| 990 |
|
|
|a BK
|
| 991 |
|
|
|b 201001
|
| 996 |
7 |
|
|b 2619395876
|c 1-0326.496
|l MZK
|r Sklad / do 1 hodiny
|n 2
|w 001102993
|u 000010
|a 1
|e BOA001
|j MZK50
|s A
|